[Event "Let's Play Chess!"]
[Site "http://www.queenalice.com/game.php?id=1870744"]
[Date "2026.3.20"]
[Round "-"]
[White "alow_proton"]
[Black "WoodpusherKid"]
[Result "0-1"]
[WhiteElo "2034"]
[BlackElo "2684"]

1. e4 e5 2. f4 exf4 3. Nf3 h6 4. d4 g5 5. Bc4 Bg7 6. h3 Nc6 7. c3 Nf6 8. e5 Ne4
9. O-O Ng3 10. Re1 O-O 11. b4 d6 12. exd6 cxd6 13. Nbd2 d5 14. Bb3 Bf5 15. Nf1
Ne4 16. Bd2 Re8 17. N3h2 a5 18. a3 Nxd4 19. Nf3 Nxb3 20. Qxb3 Qb6+ 21. Kh2 Bxh3
22. Kxh3 g4+ 23. Kxg4 Nf2+ 24. Kxf4 Qd6+ 25. Ne5 a4 26. Qc2 Bxe5+ 27. Kf3 Qf6+
28. Ke2 Bxc3+ 29. Be3 Rac8 30. Qc1 Bxa1 31. Qxa1 Rc2+ 32. Nd2 d4 33. Kf1 Nh3+
34. Nf3 Qa6+ 0-1

[Event "Let's Play Chess!"]
[Site "http://www.queenalice.com/game.php?id=1870745"]
[Date "2026.3.20"]
[Round "-"]
[White "WoodpusherKid"]
[Black "alow_proton"]
[Result "1-0"]
[WhiteElo "2683"]
[BlackElo "2030"]

1. Nf3 d5 2. d4 Nf6 3. c4 c6 4. e3 Bg4 5. Nc3 a6 6. Be2 e6 7. h3 Bf5 8. Qb3 Qc7
9. cxd5 exd5 10. Bd2 Bd6 11. g4 Bg6 12. Nh4 O-O 13. O-O-O b5 14. Nxg6 hxg6 15.
g5 Ne4 16. Nxe4 dxe4 17. Bg4 Nd7 18. f4 Nb6 19. Ba5 Qb7 20. Bxb6 Qxb6 21. h4 a5
22. h5 gxh5 23. Rxh5 a4 24. Rdh1 1-0

[Event "AUTO-OPEN-4621"]
[Site "http://www.queenalice.com/game.php?id=1871164"]
[Date "2026.3.29"]
[Round "2"]
[White "WoodpusherKid"]
[Black "Tonto"]
[Result "1-0"]
[WhiteElo "2700"]
[BlackElo "2026"]

1. g3 e5 2. e4 Nf6 3. Nc3 Be7 4. Bg2 d6 5. d4 Nbd7 6. a4 c5 7. d5 O-O 8. Nf3 Nb6
9. O-O Bg4 10. h3 Bh5 11. Be3 Nc4 12. Bc1 h6 13. b4 cxb4 14. Qd3 Qc8 15. Nd1 Qc5
16. c3 b3 17. g4 Bg6 18. Nd2 Nxd2 19. Bxd2 a6 20. Be3 Qc7 21. c4 b5 22. axb5
axb5 23. Rxa8 Rxa8 24. cxb5 Ra3 25. b6 Qb7 26. Nb2 Nd7 27. Qb5 Bd8 28. Nc4 Ra6
29. Nxd6 Qb8 30. Qxd7 Bxb6 31. Qb5 Ra5 32. Qxb6 Qxb6 33. Bxb6 Ra6 34. Nc8 b2 35.
d6 Ra1 36. d7 Rxf1+ 37. Bxf1 b1=Q 38. d8=Q+ Kh7 39. Ne7 1-0

[Event "AUTO-OPEN-4621"]
[Site "http://www.queenalice.com/game.php?id=1871165"]
[Date "2026.3.29"]
[Round "2"]
[White "Tonto"]
[Black "WoodpusherKid"]
[Result "0-1"]
[WhiteElo "2018"]
[BlackElo "2691"]

1. e4 e5 2. Nf3 Nf6 3. Nc3 Nc6 4. Be2 d5 5. exd5 Nxd5 6. Ne4 f5 7. Ng3 e4 8. Ng1
Be6 9. a3 Bc5 10. b4 Bd4 11. c3 Bf6 12. Bb2 Nf4 13. Nh5 Nxg2+ 14. Kf1 Nh4 15.
Nh3 g6 16. Nxf6+ Qxf6 17. d4 O-O-O 18. Nf4 g5 19. Nxe6 Qxe6 20. Rg1 Ne5 21. Qa4
Nef3 22. Bxf3 exf3 23. Re1 Qc4+ 0-1

[Event "AUTO-OPEN-4621"]
[Site "http://www.queenalice.com/game.php?id=1871166"]
[Date "2026.3.29"]
[Round "2"]
[White "WoodpusherKid"]
[Black "rmvwoods"]
[Result "1-0"]
[WhiteElo "2702"]
[BlackElo "2034"]

1. g3 d5 2. d4 Bf5 3. c4 Be4 4. f3 Bxb1 5. Rxb1 dxc4 6. e4 Nc6 7. d5 Ne5 8. Bf4
Nd3+ 9. Bxd3 cxd3 10. Qb3 Nf6 11. Qxb7 Rb8 12. Qxa7 Ra8 13. Qxc7 Qxc7 14. Bxc7
g6 15. a3 Bh6 16. Nh3 O-O 17. Rd1 Rac8 18. Be5 Nd7 19. Bc3 Nc5 20. Nf2 Bg7 21.
Bxg7 Kxg7 22. O-O Nb3 23. Nxd3 Rc2 24. Rf2 Rfc8 25. Nb4 R2c7 26. Nc6 Rd7 27. Rd3
Nc5 28. Rc3 Na4 29. Rc4 Nb6 30. Rb4 Na8 31. Rb8 Rxb8 32. Nxb8 Rb7 33. Nc6 Nb6
34. Rc2 Nc8 35. Kf2 Nd6 36. Na5 Rd7 37. Ke3 e6 38. Kd4 exd5 39. exd5 Nf5+ 40.
Kc5 Kf6 41. Kc6 Nd4+ 42. Kxd7 Nxc2 43. d6 1-0

[Event "AUTO-OPEN-4621"]
[Site "http://www.queenalice.com/game.php?id=1871167"]
[Date "2026.3.29"]
[Round "2"]
[White "rmvwoods"]
[Black "WoodpusherKid"]
[Result "0-1"]
[WhiteElo "2036"]
[BlackElo "2701"]

1. e4 e5 2. Nf3 Nc6 3. Bb5 Nf6 4. d3 Bc5 5. O-O Nd4 6. Nxd4 Bxd4 7. c3 Bb6 8.
Bg5 c6 9. Ba4 h6 10. Bh4 g5 11. Bg3 d6 12. h3 h5 13. d4 Nxe4 14. Kh1 Nxg3+ 15.
fxg3 exd4 16. Re1+ Be6 17. cxd4 Kf8 18. Nc3 d5 19. Rf1 Bc7 20. Qf3 g4 21. Qf6
Qxf6 22. Rxf6 Bxg3 23. Raf1 Kg7 24. Nd1 Bh4 25. R6f4 Bg3 26. Rf6 b5 27. Bc2 Bh4
28. R6f4 Rae8 29. Ne3 f6 30. Nf5+ Bxf5 31. Rxf5 Re6 32. b3 Re2 33. Bb1 Bg5 34.
Kh2 Re3 35. Rd1 Rhe8 36. Rff1 g3+ 37. Kh1 h4 38. Rf3 Rxf3 39. gxf3 Re2 0-1

[Event "AUTO-OPEN-4610"]
[Site "http://www.queenalice.com/game.php?id=1871173"]
[Date "2026.3.29"]
[Round "2"]
[White "WoodpusherKid"]
[Black "Capixaba789"]
[Result "1-0"]
[WhiteElo "2686"]
[BlackElo "1808"]

1. g3 e5 2. e4 Nf6 3. Nc3 d6 4. Bg2 Be7 5. d4 exd4 6. Qxd4 Nc6 7. Qd1 O-O 8.
Nge2 Bg4 9. O-O h6 10. b3 Ne5 11. f3 Be6 12. f4 Nc6 13. h3 Qc8 14. Kh2 a6 15.
Be3 Na7 16. a4 c5 17. Qd2 Nc6 18. Nd5 Bd8 19. Nxf6+ Bxf6 20. f5 Bd7 21. Rab1 Be5
22. f6 Bxf6 23. Qxd6 Bd4 24. Bxd4 Nxd4 25. Nf4 Bc6 26. Qxc5 Ne6 27. Qf2 Ng5 28.
Nd5 Bxd5 29. exd5 Qd8 30. Qd4 Rc8 31. h4 Ne6 32. Qf2 Nc5 33. Rbd1 1-0

[Event "AUTO-OPEN-4610"]
[Site "http://www.queenalice.com/game.php?id=1871174"]
[Date "2026.3.29"]
[Round "2"]
[White "Capixaba789"]
[Black "WoodpusherKid"]
[Result "0-1"]
[WhiteElo "1857"]
[BlackElo "2685"]

1. d4 d5 2. Nc3 Nf6 3. f4 e6 4. Nf3 c5 5. e3 Nc6 6. Be2 Be7 7. O-O O-O 8. Ne5
Bd7 9. Bf3 Qc7 10. a3 cxd4 11. Nxc6 bxc6 12. Ne2 dxe3 13. Bxe3 Rab8 14. Rb1 Bd6
15. Ng3 Bxf4 16. Bxf4 Qxf4 17. Kh1 Qc7 0-1

[Event "Let's Play Chess!"]
[Site "http://www.queenalice.com/game.php?id=1871299"]
[Date "2026.4.2"]
[Round "-"]
[White "alow_proton"]
[Black "WoodpusherKid"]
[Result "0-1"]
[WhiteElo "2067"]
[BlackElo "2693"]

1. e4 d5 2. exd5 Nf6 3. Bc4 Nxd5 4. d4 e6 5. Nf3 Be7 6. O-O O-O 7. a3 Nd7 8. Bb3
b5 9. Qd3 a6 10. c4 bxc4 11. Bxc4 c5 12. Bxd5 exd5 13. Nc3 c4 14. Qe2 Nb6 15.
Bf4 Re8 16. Ne5 Bd6 17. Qf3 Be6 18. Nc6 Qc7 19. Bxd6 Qxd6 20. Nb4 a5 21. Nc2 Qc6
22. Qf4 Na4 23. Qd2 Nxb2 24. a4 Reb8 25. Nb5 Nxa4 26. Rxa4 Rxb5 27. Rfa1 Bd7 28.
h3 h6 29. Rxa5 Rbxa5 30. Rxa5 Rxa5 31. Qxa5 Bxh3 32. Qd8+ Kh7 33. Qh4 Bxg2 34.
Kxg2 Qg6+ 35. Qg3 Qxc2 36. Qf3 c3 37. Kg3 f5 38. Qxd5 Qe4 0-1

[Event "Let's Play Chess!"]
[Site "http://www.queenalice.com/game.php?id=1871300"]
[Date "2026.4.2"]
[Round "-"]
[White "WoodpusherKid"]
[Black "alow_proton"]
[Result "1-0"]
[WhiteElo "2696"]
[BlackElo "2076"]

1. g3 d5 2. Bg2 e5 3. d3 Nf6 4. e4 d4 5. Nf3 Bg4 6. h3 Bxf3 7. Qxf3 c5 8. O-O g6
9. Bg5 Bg7 10. h4 Qd6 11. Nd2 b5 12. a4 b4 13. Nc4 Qe6 14. Kh2 Nbd7 15. Bh3 Qc6
16. b3 O-O 17. Bxf6 Nxf6 18. Nxe5 Qd6 19. Nc4 Qe7 20. e5 Nd7 21. Rfe1 Nxe5 22.
Nxe5 Bxe5 23. Qd5 Rfe8 24. f4 Rad8 25. Qxe5 Qxe5 26. fxe5 Re7 27. Bg2 Re6 28.
Bh3 Re7 29. h5 Rde8 30. Re4 Rxe5 31. Rae1 Rxe4 32. dxe4 f6 33. hxg6 hxg6 34. Bd7
Re7 35. Bc6 Kg7 36. Kg2 f5 37. e5 Kf7 38. a5 Ke6 39. Bb5 Kf7 40. e6+ Rxe6 41.
Bc4 1-0

[Event "Escacs 244"]
[Site "http://www.queenalice.com/game.php?id=1871302"]
[Date "2026.4.2"]
[Round "-"]
[White "alterego"]
[Black "WoodpusherKid"]
[Result "0-1"]
[WhiteElo "1556"]
[BlackElo "2692"]

1. d4 d5 2. g3 Nf6 3. Bg2 Bf5 4. Na3 e6 5. Bg5 Nbd7 6. Nf3 Bxa3 7. bxa3 Qe7 8.
c3 Qxa3 9. O-O Ne4 10. Bf4 Nxc3 11. Qd2 c6 12. Nh4 Ne4 13. Bxe4 Bxe4 14. f3 Bg6
15. Nxg6 hxg6 16. Bc7 b6 17. Qc2 Rc8 18. Qxc6 Qe3+ 19. Rf2 Rxh2 20. Kxh2 Qxf2+
21. Kh3 Qxe2 22. Qb7 Rxc7 23. Qxc7 Qxf3 24. Qc8+ Ke7 25. Qc7 Qh5+ 26. Kg2 Qe2+
27. Kh3 f5 28. Qf4 e5 29. dxe5 Nxe5 30. Qg5+ Kd7 31. a4 Nf3 0-1

[Event "Escacs 245"]
[Site "http://www.queenalice.com/game.php?id=1871303"]
[Date "2026.4.2"]
[Round "-"]
[White "WoodpusherKid"]
[Black "alterego"]
[Result "1-0"]
[WhiteElo "2690"]
[BlackElo "1563"]

1. g3 g6 2. d4 Bg7 3. c4 Nf6 4. Bg2 c6 5. e4 O-O 6. Ne2 a6 7. Nbc3 b5 8. e5 Ng4
9. O-O d5 10. cxd5 cxd5 11. Nxd5 Bb7 12. Nxe7+ Qxe7 13. Bxb7 Qxb7 14. h3 Nh6 15.
g4 Nc6 16. Bg5 Rad8 17. Bxd8 Rxd8 18. f4 Nxd4 19. Nxd4 Qe7 20. Rf3 Qh4 21. Qe1
Qe7 22. Rd3 Qc5 23. b4 f6 24. bxc5 fxe5 25. c6 exf4 26. c7 Rc8 27. Qe6+ 1-0

[Event "AUTO-ELITE-2592"]
[Site "http://www.queenalice.com/game.php?id=1871574"]
[Date "2026.4.7"]
[Round "2"]
[White "acid"]
[Black "WoodpusherKid"]
[Result "1/2-1/2"]
[WhiteElo "2721"]
[BlackElo "2700"]

1. d4 d5 2. c4 c6 3. Nf3 Nf6 4. e3 Bg4 5. h3 Bxf3 6. Qxf3 e6 7. Nc3 Bb4 8. Bd3
O-O 9. O-O Nbd7 10. Rd1 Re8 11. Qe2 Qe7 12. Bd2 a6 13. a3 Bxc3 14. bxc3 b5 15.
c5 e5 16. f3 e4 17. Bc2 Nh5 18. f4 g6 19. a4 f5 20. Ra2 Nf8 21. Rda1 Rac8 22.
Bd1 Ng7 23. axb5 axb5 24. Be1 Nfe6 25. Ra6 h6 26. Bg3 Rc7 27. Rb6 Kh7 28. Raa6
Rec8 29. Qa2 Nf8 30. Ra8 Nfe6 31. Raa6 Nf8 32. Ra8 Nfe6 33. Raa6 1/2-1/2

[Event "AUTO-ELITE-2592"]
[Site "http://www.queenalice.com/game.php?id=1871575"]
[Date "2026.4.7"]
[Round "2"]
[White "WoodpusherKid"]
[Black "acid"]
[Result "1/2-1/2"]
[WhiteElo "2700"]
[BlackElo "2721"]

1. e4 e5 2. Nf3 Nf6 3. Nxe5 d6 4. Nf3 Nxe4 5. d4 Be7 6. Bd3 d5 7. Nbd2 Bf5 8.
O-O Nd6 9. Bxf5 Nxf5 10. Re1 O-O 11. c3 c6 12. Nf1 Nd7 13. Qb3 Qc8 14. Qc2 g6
15. Bf4 Bd6 16. Be5 Re8 17. Ng3 Nxg3 18. Bxd6 Ne4 19. Bf4 f6 20. Nd2 Nxd2 21.
Qxd2 Nf8 22. Bh6 Ne6 23. Re3 Qd7 24. Rf3 Kf7 25. Re1 Ng7 26. Bxg7 Kxg7 27. Rfe3
Kf7 28. a4 Rxe3 29. Rxe3 Re8 30. h4 Rxe3 31. Qxe3 Qf5 1/2-1/2

[Event "AUTO-OPEN-4647"]
[Site "http://www.queenalice.com/game.php?id=1871634"]
[Date "2026.4.8"]
[Round "1"]
[White "Capixaba789"]
[Black "WoodpusherKid"]
[Result "0-1"]
[WhiteElo "1841"]
[BlackElo "2692"]

1. d4 d5 2. Nc3 Nf6 3. f4 c5 4. e3 e6 5. Nf3 Nc6 6. Be2 Bd6 7. O-O O-O 8. Kh1 b6
9. dxc5 bxc5 10. Qe1 Ba6 11. Bxa6 Nb4 12. Bd3 c4 13. Bxh7+ Nxh7 14. Qe2 Qb6 15.
a3 Nc6 16. Rb1 Rfd8 17. Bd2 Qb7 18. Qf2 Bc5 19. Ne2 Nf6 20. c3 a5 21. Ned4 Ne4
22. Qe1 Be7 23. Nxc6 Qxc6 24. Nd4 Qc5 25. Nf3 Rab8 26. Qe2 Rb3 27. Nd4 Rb6 28.
f5 e5 29. Nf3 Rdb8 30. Bc1 Nxc3 0-1

[Event "AUTO-OPEN-4647"]
[Site "http://www.queenalice.com/game.php?id=1871635"]
[Date "2026.4.8"]
[Round "1"]
[White "WoodpusherKid"]
[Black "Capixaba789"]
[Result "1-0"]
[WhiteElo "2689"]
[BlackElo "1848"]

1. Nf3 d6 2. d4 Bg4 3. e4 Bxf3 4. Qxf3 Nc6 5. d5 Ne5 6. Qb3 e6 7. Qxb7 Be7 8.
Bb5+ Kf8 9. O-O Nf6 10. Nc3 h5 11. f4 Neg4 12. Bc6 Rb8 13. Qxa7 g6 14. h3 Nh6
15. dxe6 fxe6 16. Be3 Rxb2 17. Rf2 d5 18. e5 Nd7 19. Nb5 Nf5 20. Nxc7 Nxe3 21.
Nxe6+ 1-0

[Event "Let's Play Chess!"]
[Site "http://www.queenalice.com/game.php?id=1872028"]
[Date "2026.4.16"]
[Round "-"]
[White "Mlintz"]
[Black "WoodpusherKid"]
[Result "0-1"]
[WhiteElo "1913"]
[BlackElo "2694"]

1. e4 e5 2. Nf3 Nc6 3. c3 d5 4. Qa4 Bd7 5. Qc2 Bg4 6. Be2 dxe4 7. Qxe4 Nf6 8.
Qc2 e4 9. Ng1 Bf5 10. Qd1 Ne5 11. h3 Nd3+ 12. Bxd3 exd3 13. Qa4+ c6 14. Nf3 Qe7+
15. Kf1 Qe2+ 16. Kg1 Bd6 17. Nh2 Ne4 0-1

[Event "Let's Play Chess!"]
[Site "http://www.queenalice.com/game.php?id=1872029"]
[Date "2026.4.16"]
[Round "-"]
[White "WoodpusherKid"]
[Black "Mlintz"]
[Result "1-0"]
[WhiteElo "2699"]
[BlackElo "1899"]

1. Nf3 Nc6 2. d4 d5 3. c4 Bg4 4. cxd5 Bxf3 5. gxf3 Qxd5 6. e3 e5 7. Nc3 Qd8 8.
d5 Nb8 9. e4 a6 10. Rg1 g6 11. Bh3 Bg7 12. Bg5 f6 13. Be3 Ne7 14. f4 Nd7 15. f5
g5 16. Qh5+ Kf8 17. O-O-O Qe8 18. Qxe8+ Kxe8 19. d6 cxd6 20. Rxd6 Nc6 21. Nd5
Rc8 22. Kb1 Bf8 23. Nxf6+ Nxf6 24. Rxf6 1-0

[Event "AUTO-OPEN-4608"]
[Site "http://www.queenalice.com/game.php?id=1872317"]
[Date "2026.4.23"]
[Round "3"]
[White "WoodpusherKid"]
[Black "cerenzo72"]
[Result "1-0"]
[WhiteElo "2703"]
[BlackElo "2193"]

1. c4 e6 2. d4 c6 3. e4 Bb4+ 4. Nd2 d5 5. a3 Bxd2+ 6. Bxd2 dxe4 7. Qg4 Qf6 8.
Qxe4 Ne7 9. Nf3 Nd7 10. Bd3 h6 11. O-O Ng6 12. Bb4 a5 13. Bd6 Ne7 14. Rfe1 Nf5
15. Qxf5 Qxf5 16. Bxf5 1-0